| 000 | 01037cam a2200289 a 4500 | ||
|---|---|---|---|
| 001 | 13550221 | ||
| 005 | 20141214142419.0 | ||
| 008 | 040407t2004 xxuadk frb 001 0 eng d | ||
| 020 | _a0130426725 | ||
| 020 | _a9780130426727 | ||
| 020 | _a0130179736 (pbk.) | ||
| 020 | _a9780130179739 (pbk.) | ||
| 040 |
_aDLC _cDLC _dYDX _dBAKER _dUKM _dTTU _dBTCTA _dYDXCP _dLVB _dDLC _dEG-ScBUE |
||
| 082 | 0 | 0 |
_a005.72 _222 _bLIN |
| 100 | 1 |
_a Lin, Shu, _d1937- _936906 |
|
| 245 | 1 | 0 |
_aError control coding : _bfundamentals and applications / _cShu Lin, Daniel J. Costello. |
| 250 | _a2nd ed. | ||
| 260 |
_aUpper Saddle River, United States : _bPearson-Prentice Hall, _cc.2004. |
||
| 300 |
_axii, 1260 p. : _bcharts, forms, tables ; _c24 cm. |
||
| 500 | _aIndex : p. 1249-1260. | ||
| 504 | _aIncludes bibliographical references. | ||
| 650 | 0 |
_aError-correcting codes (Information theory) _936907 |
|
| 653 |
_bENGELC _bCOMSCI _cDecember2014 |
||
| 655 |
_vreading book _934232 |
||
| 700 | 1 |
_aCostello, Daniel J., _d1942- _936908 |
|
| 942 |
_2ddc _k005.72 LIN |
||
| 999 |
_c18768 _d18740 |
||